<?xml version="1.0" encoding="UTF-8"?>
<record
    xmlns:xsi="http://www.w3.org/2001/XMLSchema-instance"
    xsi:schemaLocation="http://www.loc.gov/MARC21/slim http://www.loc.gov/standards/marcxml/schema/MARC21slim.xsd"
    xmlns="http://www.loc.gov/MARC21/slim">

  <leader>04564nam a22005897u 4500</leader>
  <controlfield tag="001">pwiiw0185</controlfield>
  <controlfield tag="003">OSt</controlfield>
  <controlfield tag="005">20260516120053.0</controlfield>
  <controlfield tag="008">070501t2007    au ||||| |||||||| ||ger d</controlfield>
  <datafield tag="040" ind1=" " ind2=" ">
    <subfield code="c">OSt</subfield>
  </datafield>
  <datafield tag="041" ind1=" " ind2=" ">
    <subfield code="a">ger</subfield>
  </datafield>
  <datafield tag="084" ind1=" " ind2=" ">
    <subfield code="a">P2</subfield>
    <subfield code="a">O57</subfield>
    <subfield code="a">E17</subfield>
    <subfield code="2">jelc</subfield>
  </datafield>
  <datafield tag="100" ind1="1" ind2=" ">
    <subfield code="a">Astrov, Vasily</subfield>
  </datafield>
  <datafield tag="245" ind1="1" ind2="0">
    <subfield code="a">Wirtschaftswachstum in den MOEL zunehmend durch heimische Nachfrage getragen</subfield>
  </datafield>
  <datafield tag="260" ind1=" " ind2=" ">
    <subfield code="a">Wien :</subfield>
    <subfield code="b">Wiener Institut f&#xFC;r Internationale Wirtschaftsvergleiche (wiiw),</subfield>
    <subfield code="c">2007.</subfield>
  </datafield>
  <datafield tag="300" ind1=" " ind2=" ">
    <subfield code="a"> S., </subfield>
    <subfield code="b"></subfield>
    <subfield code="c">30cm.</subfield>
  </datafield>
  <datafield tag="490" ind1="1" ind2=" ">
    <subfield code="a">wiiw Research Reports in German Language</subfield>
    <subfield code="v">2007-05</subfield>
  </datafield>
  <datafield tag="520" ind1=" " ind2=" ">
    <subfield code="a">Zusammenfassung:



Die Konjunkturbelebung in der EU 15 trug 2006 zu einer Beschleunigung des Wirtschaftswachstums in den MOEL bei. W&#xE4;hrend in den neuen EU-L&#xE4;ndern in Mitteleuropa der Au&#xDF;enhandel kr&#xE4;ftig wuchs und eine weitere Aufwertung bewirkte, geht die Dynamik in den meisten anderen MOEL vor allem auf die hohe Verschuldungsbereitschaft der privaten Haushalte zur&#xFC;ck. Die Lage auf dem Arbeitsmarkt entspannte sich in den neuen EU-L&#xE4;ndern weiter, der Strukturwandel ist dort weitgehend abgeschlossen. In den Westbalkanl&#xE4;ndern verschlechterte sich die Situation jedoch zum Teil sogar. Die Performance der russischen Wirtschaft hat sich von der Entwicklung der Weltmarktpreise f&#xFC;r Energie weitgehend entkoppelt; in der Ukraine schwankt das Wachstum dagegen erheblich und nicht zuletzt durch politische Faktoren bedingt.

English Summary

Economic Growth in the CEECs Increasingly Propelled by Local Demand

The economic recovery in the EU 15 in 2006 resulted in an acceleration of growth in Central and Eastern European countries (CEECs), particularly in the new EU member states of Central Europe. Helped by the recent massive inflows of FDI, these countries have become serious competitors on the European markets, particularly those of manufactured goods. The continuous nominal currency appreciations in Poland, the Czech Republic and Slovakia reflect their gains in international competitiveness and will not affect their economic growth. In contrast, the contribution of foreign trade to growth was decidedly negative in most other CEECs, including the Baltics and the new EU members in Southeast Europe. Their growth rates - quite high in some instances - were first of all due to a boom in private consumption, largely financed by external borrowing facilitated by the dominance of foreign-owned banks. In some cases, the credit boom is about to overheat and produce 'bubbles', especially in real estate. However, the available policy options are limited: while monetary policy is constrained by fixed exchange rate regimes, fiscal policy is already quite restrictive in general. In the new EU member states, the labour market situation is continuing to improve given that their industrial restructuring is nearing completion, and not least due to the sizeable outward migration flows. In the West Balkan countries, on the other hand, unemployment rates are generally high and rising. Their recent progress towards EU integration has been generally modest, even though greater political stability and growing foreign trade both support their economic recovery. With the exception of Hungary (where large-scale efforts at fiscal consolidation have induced a noticeable economic slowdown), short- and medium-term economic prospects for the CEECs are positive, whereas growth in Serbia and Ukraine remains relatively vulnerable to political risks.
</subfield>
  </datafield>
  <datafield tag="650" ind1=" " ind2=" ">
    <subfield code="a">transitional economies</subfield>
  </datafield>
  <datafield tag="650" ind1=" " ind2=" ">
    <subfield code="a">comparative study</subfield>
  </datafield>
  <datafield tag="650" ind1=" " ind2=" ">
    <subfield code="a">macroeconomic forecast</subfield>
  </datafield>
  <datafield tag="650" ind1=" " ind2=" ">
    <subfield code="a">macroeconomic analysis</subfield>
  </datafield>
  <datafield tag="651" ind1=" " ind2=" ">
    <subfield code="a">Albania</subfield>
  </datafield>
  <datafield tag="651" ind1=" " ind2=" ">
    <subfield code="a">Bosnia and Herzegovina</subfield>
  </datafield>
  <datafield tag="651" ind1=" " ind2=" ">
    <subfield code="a">Bulgaria</subfield>
  </datafield>
  <datafield tag="651" ind1=" " ind2=" ">
    <subfield code="a">Croatia</subfield>
  </datafield>
  <datafield tag="651" ind1=" " ind2=" ">
    <subfield code="a">Czechia</subfield>
  </datafield>
  <datafield tag="651" ind1=" " ind2=" ">
    <subfield code="a">Estonia</subfield>
  </datafield>
  <datafield tag="651" ind1=" " ind2=" ">
    <subfield code="a">Hungary</subfield>
  </datafield>
  <datafield tag="651" ind1=" " ind2=" ">
    <subfield code="a">Latvia</subfield>
  </datafield>
  <datafield tag="651" ind1=" " ind2=" ">
    <subfield code="a">Lithuania</subfield>
  </datafield>
  <datafield tag="651" ind1=" " ind2=" ">
    <subfield code="a">North Macedonia</subfield>
  </datafield>
  <datafield tag="651" ind1=" " ind2=" ">
    <subfield code="a">Montenegro</subfield>
  </datafield>
  <datafield tag="651" ind1=" " ind2=" ">
    <subfield code="a">Poland</subfield>
  </datafield>
  <datafield tag="651" ind1=" " ind2=" ">
    <subfield code="a">Romania</subfield>
  </datafield>
  <datafield tag="651" ind1=" " ind2=" ">
    <subfield code="a">Russia</subfield>
  </datafield>
  <datafield tag="651" ind1=" " ind2=" ">
    <subfield code="a">Serbia</subfield>
  </datafield>
  <datafield tag="651" ind1=" " ind2=" ">
    <subfield code="a">Slovakia</subfield>
  </datafield>
  <datafield tag="651" ind1=" " ind2=" ">
    <subfield code="a">Slovenia</subfield>
  </datafield>
  <datafield tag="651" ind1=" " ind2=" ">
    <subfield code="a">Ukraine</subfield>
  </datafield>
  <datafield tag="651" ind1=" " ind2=" ">
    <subfield code="a">Baltic States</subfield>
  </datafield>
  <datafield tag="651" ind1=" " ind2=" ">
    <subfield code="a">SEE</subfield>
  </datafield>
  <datafield tag="651" ind1=" " ind2=" ">
    <subfield code="a">Visegrad countries</subfield>
  </datafield>
  <datafield tag="690" ind1=" " ind2=" ">
    <subfield code="a">Macroeconomic Analysis and Policy</subfield>
  </datafield>
  <datafield tag="690" ind1=" " ind2=" ">
    <subfield code="a">International Trade, Competitiveness and FDI</subfield>
  </datafield>
  <datafield tag="690" ind1=" " ind2=" ">
    <subfield code="a">International Trade, Competitiveness and FDI</subfield>
  </datafield>
  <datafield tag="690" ind1=" " ind2=" ">
    <subfield code="a">Labour, Migration and Income Distribution</subfield>
  </datafield>
  <datafield tag="690" ind1=" " ind2=" ">
    <subfield code="a">Macroeconomic Analysis and Policy</subfield>
  </datafield>
  <datafield tag="830" ind1=" " ind2="0">
    <subfield code="v">2007-05</subfield>
    <subfield code="w">WIIW0000108</subfield>
    <subfield code="t">wiiw Research Reports in German Language</subfield>
  </datafield>
  <datafield tag="856" ind1="4" ind2="0">
    <subfield code="u">https://wiiw.ac.at/p-185.html</subfield>
  </datafield>
  <datafield tag="942" ind1=" " ind2=" ">
    <subfield code="c">P</subfield>
  </datafield>
  <datafield tag="999" ind1=" " ind2=" ">
    <subfield code="c">8588</subfield>
    <subfield code="d">8588</subfield>
  </datafield>
  <datafield tag="952" ind1=" " ind2=" ">
    <subfield code="0">0</subfield>
    <subfield code="1">0</subfield>
    <subfield code="4">0</subfield>
    <subfield code="7">0</subfield>
    <subfield code="a">BIB</subfield>
    <subfield code="b">BIB</subfield>
    <subfield code="c">1</subfield>
    <subfield code="d">2007-05-01</subfield>
    <subfield code="i">pwiiw0185</subfield>
    <subfield code="l">0</subfield>
    <subfield code="p">1000010000185</subfield>
    <subfield code="r">2007-05-01 00:00:00</subfield>
    <subfield code="w">2018-11-21</subfield>
    <subfield code="y">P</subfield>
  </datafield>
</record>
